000 00876nam a22002297a 4500
001 13001
003 BD-JhCC
005 20230612110948.0
008 230612s2021 bg a|||| |||| 000 0 ben d
020 _a9879849776585
035 _a(BD-JhCC)13001
040 _aBD-JhCC
_dBD-JhCC
041 _aben
082 _a538.74
_bRUK 2021
100 _aরুকুনউদ্দৌলাহ
245 _aযশোরের নীল বিদ্রোহ ও ইতিহাসের নীল অধ্যায় /
_cরুকুনউদ্দৌলাহ
260 _aঢাকা :
_bমাস্টার ভিশন পাবলিকেশন,
_c২০২১
300 _a৭২ পৃ. :
_bচিত্রাবলী সংযোজিত;
_c২০ সেমি.
650 _andigo planters
_xHistory
_zJessore, Bangladesh
650 _aRevolt
942 _2ddc
_cBK
999 _c13001
_d13001